000 01012nam a22002897a 4500
001 BR7300389
003 BR-BrBNA
005 20230928083840.0
007 ta
008 230509b bl.||||| |||| 00| 0 por d
040 _aBR-BrBNA
_bpor
_cBiblioteca Nacional de Agricultura
041 _a(Por)
072 _aF60
_b2120
_b/G514
090 _ 2120 BR7300389
100 1 _aSondahl, M.R.
110 1 _aEscola Superior de Agricultura Luiz de Queiroz, Piracicaba, SP (Brasil)
_0Tese (Mestre)
245 1 _aIncorporacao de 14CO2 em folhas intactas de cafeeiro [Gas carbonico; Brasil]
260 3 _aPiracicaba, SP (Brasil):
_c1974.
300 _a70 p.
500 _a15 tables; Bibliography p. 63-68 (58 ref.); Summaries (Eng, Por). (*) Documento disponível na(o) Escola Superior de Agricultura Luiz de Queiroz, Piracicaba, SP (Brazil)
650 _aFisiologia vegetal
650 _aBioquimica vegetal
650 _aCafe
650 _aGas carbonico
909 _a202309
_bLucia
_c55
_dLucia Elande
942 _cBK
999 _c15508
_d15508